Présidents dans le monde - Statistiques

Statistiques générales
  • Ce quiz a été pris 395 fois
    351 depuis la dernière actualisation
  • Le résultat moyen est 5 sur 10
Statistiques - réponses
Pays Président % Correct
France Emmanuel Macron
100%
Russie Vladimir Poutine
85%
États-Unis Joe Biden
84%
Chine Xi Jinping
59%
Ukraine Volodymyr Zelensky
52%
Brésil Lula
47%
Royaume-Uni Rishi Sunak
30%
Espagne Pedro Sanchez
23%
Italie Sergio Mattarella
12%
Allemagne Frank-Walter Steinmeier
9%
Aucun quiz correspondant
Distribution des résultats
% des personnes avec chaque résultat
Percentile par nombre de réponses
Votre historique - résultats
Vous n’avez pas pris ce quiz depuis la dernière actualisation